| 000 | 00812 a2200265 4500 | ||
|---|---|---|---|
| 999 |
_c200046012 _d32598 |
||
| 001 | 200046012 | ||
| 003 | TR-AnTOB | ||
| 005 | 20190627140652.0 | ||
| 008 | 121217s2012 tu 000 0 | ||
| 040 |
_aTR-AnTOB _cTR-AnTOB |
||
| 041 | _atur | ||
| 050 | 0 |
_aHD30.28 _b.S87 2012 |
|
| 090 | _aHD30.28 .S87 2012 | ||
| 245 | 1 | 0 |
_aStratejik plan 2012-2016 / _cAnkara Kalkınma Ajansı. |
| 264 | 1 |
_aAnkara: _bAnkara Kalkınma Ajansı, _c2012 |
|
| 300 |
_a295 s. ; _c21 sm. |
||
| 336 |
_2rdacontent _atext _btxt |
||
| 337 |
_2rdamedia _aunmediated _bn |
||
| 338 |
_2rdacarrier _avolume _bnc |
||
| 490 | 0 |
_aTürkiye İstatistik Kurumu Yayın No ; _v3690 |
|
| 650 | 0 |
_aStratejik planlama _zTürkiye _vİstatistikler _985612 |
|
| 650 | 0 |
_aStrategic planning _zTurkey _vStatistics _985611 |
|
| 942 |
_cBK _2lcc |
||